[Event "Skalica op-A"]
[Site "Skalica"]
[Date "2023.08.26"]
[Round "8"]
[White "Priechodsky, Radovan"]
[Black "Jirousek, Jan"]
[Result "0-1"]
[WhiteElo "1983"]
[BlackElo "2095"]
[PlyCount "100"]
[EventDate "2023.08.19"]
[EventType "swiss"]
[EventRounds "9"]
[EventCountry "SVK"]
[SourceTitle "CBM 215 Extra"]
[Source "ChessBase"]
[SourceDate "2023.09.30"]
[SourceVersion "1"]
[SourceVersionDate "2023.09.30"]
[SourceQuality "1"]

1. d4 d5 2. Bf4 e6 3. c3 Bd6 4. Bg3 Ne7 5. e3 c5 6. Bd3 Nbc6 7. Nf3 0-0 8. Bxh7+ Kxh7 9. Ng5+ Kg6 10. Bxd6 Kxg5 11. Bxc5 Kh6 12. Nd2 b6 13. Ba3 g6 14. h4 Kg7 15. Qf3 Rh8 16. 0-0-0 Ng8 17. h5 g5 18. h6+ Nxh6 19. Rh5 f6 20. Rdh1 Qe8 21. Qg3 e5 22. f4 Bg4 23. Rxh6 Rxh6 24. Rxh6 Kxh6 25. Qxg4 exf4 26. exf4 Rd8 27. Qf5 Qg6 28. fxg5+ fxg5 29. Qf3 Kg7 30. Kd1 Qf6 31. Qxf6+ Kxf6 32. Ke2 g4 33. Nf1 Kg5 34. g3 Re8+ 35. Kf2 Ne7 36. Bxe7+ Rxe7 37. Ne3 Rf7+ 38. Kg2 Rf3 39. Nxd5 Rd3 40. Kf2 Rd2+ 41. Ke3 Rxb2 42. c4 Rxa2 43. c5 bxc5 44. dxc5 Kf5 45. c6 Ke6 46. c7 Kd7 47. Nf6+ Kxc7 48. Nxg4 a5 49. Ne5 a4 50. Kd4 Rg2 0-1

[Event "CZE-chT2D 2223"]
[Site "Czech Republic"]
[Date "2022.12.04"]
[Round "4.1"]
[White "Krmela, Ales"]
[Black "Jirousek, Jan"]
[Result "1/2-1/2"]
[WhiteElo "2041"]
[BlackElo "2141"]
[PlyCount "32"]
[EventDate "2022.10.16"]
[EventType "team-tourn"]
[EventRounds "11"]
[EventCountry "CZE"]
[SourceTitle "EXT 2024"]
[Source "ChessBase"]
[SourceDate "2023.10.10"]
[SourceVersion "1"]
[SourceVersionDate "2023.10.10"]
[SourceQuality "1"]
[WhiteTeam "Zabreh"]
[BlackTeam "Lanskroun"]
[WhiteTeamCountry "CZE"]
[BlackTeamCountry "CZE"]

1. e4 c6 2. d4 d5 3. exd5 cxd5 4. Nf3 Nf6 5. Be2 Nc6 6. 0-0 h6 7. h3 Bf5 8. Bd3 Bxd3 9. Qxd3 e6 10. Bf4 Bd6 11. Bxd6 Qxd6 12. Nbd2 0-0 13. c3 Rfc8 14. Rae1 Qc7 15. Kh1 Nd7 16. Qe3 Ne7 1/2-1/2

[Event "CZE-chT2D 2223"]
[Site "Czech Republic"]
[Date "2022.11.20"]
[Round "3.1"]
[White "Jirousek, Jan"]
[Black "Vesely, Vitek"]
[Result "1/2-1/2"]
[WhiteElo "2141"]
[BlackElo "2118"]
[PlyCount "75"]
[EventDate "2022.10.16"]
[EventType "team-tourn"]
[EventRounds "11"]
[EventCountry "CZE"]
[SourceTitle "EXT 2024"]
[Source "ChessBase"]
[SourceDate "2023.10.10"]
[SourceVersion "1"]
[SourceVersionDate "2023.10.10"]
[SourceQuality "1"]
[WhiteTeam "Lanskroun"]
[BlackTeam "Chotebor"]
[WhiteTeamCountry "CZE"]
[BlackTeamCountry "CZE"]

1. d4 Nf6 2. Nf3 e6 3. c4 b6 4. g3 Ba6 5. Qa4 c5 6. Bg2 Bb7 7. dxc5 bxc5 8. 0-0 Be7 9. Nc3 0-0 10. Qb3 Qb6 11. Qxb6 axb6 12. b3 d6 13. Rd1 Rd8 14. Nb5 Ne8 15. Bb2 Na6 16. Rd2 Nac7 17. Nxc7 Nxc7 18. Ne1 Bxg2 19. Nxg2 b5 20. cxb5 Nxb5 21. Ne3 Ra6 22. Rd3 Rda8 23. a4 Na7 24. Nc4 d5 25. Nd2 Nc6 26. Rc1 Nb4 27. Rf3 Bg5 28. Rd1 Rb6 29. h4 Bxd2 30. Rxd2 Rab8 31. Ba3 Na6 32. Rc2 Rxb3 33. Rxb3 Rxb3 34. Bxc5 h5 35. a5 Nxc5 36. Rxc5 Ra3 37. Rc8+ Kh7 38. Ra8 1/2-1/2

[Event "CZE-chT1W 2223"]
[Site "Czech Republic"]
[Date "2022.10.09"]
[Round "1.2"]
[White "Priehoda, Vitezslav"]
[Black "Jirousek, Jan"]
[Result "1-0"]
[WhiteElo "2257"]
[BlackElo "2141"]
[PlyCount "69"]
[EventDate "2022.10.09"]
[EventType "team-tourn"]
[EventRounds "11"]
[EventCountry "CZE"]
[SourceTitle "CBM 210 Extra"]
[Source "ChessBase"]
[SourceDate "2022.11.30"]
[SourceVersion "1"]
[SourceVersionDate "2022.11.30"]
[SourceQuality "1"]
[WhiteTeam "Lysa nad Labem II"]
[BlackTeam "Polabiny II"]
[WhiteTeamCountry "CZE"]
[BlackTeamCountry "CZE"]

1. c4 e6 2. d4 d5 3. Nf3 Nf6 4. Nc3 Be7 5. Bg5 0-0 6. e3 h6 7. Bh4 Nbd7 8. Qc2 c6 9. h3 b6 10. cxd5 cxd5 11. Bd3 Bb7 12. 0-0 Ne8 13. Bg3 Bd6 14. Ne5 Bxe5 15. dxe5 Nc5 16. Be2 Ba6 17. b4 Bxe2 18. Qxe2 Nd7 19. e4 Rc8 20. Rac1 d4 21. Nb5 Rxc1 22. Rxc1 Qg5 23. Rc8 Nxe5 24. Nxd4 Ng6 25. Qc2 Qe7 26. Nc6 Qb7 27. Rb8 Qa6 28. a4 b5 29. axb5 Qa1+ 30. Kh2 Nf6 31. Rxf8+ Nxf8 32. Ne7+ Kh8 33. Qc8 N6d7 34. Qe8 Qf6 35. e5 1-0

[Event "Pardubice Czech op-A 33rd"]
[Site "Pardubice"]
[Date "2022.07.28"]
[Round "7"]
[White "Hansch, Karsten"]
[Black "Jirousek, Jan"]
[Result "1-0"]
[WhiteElo "2320"]
[BlackElo "2094"]
[PlyCount "67"]
[EventDate "2022.07.22"]
[EventType "swiss"]
[EventRounds "9"]
[EventCountry "CZE"]
[SourceTitle "CBM 209 Extra"]
[Source "ChessBase"]
[SourceDate "2022.09.30"]
[SourceVersion "1"]
[SourceVersionDate "2022.09.30"]
[SourceQuality "1"]

1. e4 c6 2. d4 d5 3. e5 Bf5 4. h4 h5 5. Bd3 Bxd3 6. Qxd3 Qa5+ 7. Nd2 e6 8. Ngf3 Qa6 9. c4 Nh6 10. 0-0 Nf5 11. b3 Be7 12. a4 Nd7 13. Ba3 Bxa3 14. Rxa3 c5 15. dxc5 Nxc5 16. Qe2 dxc4 17. Nxc4 0-0 18. Rb1 b6 19. b4 Nd7 20. Rd1 Rfd8 21. b5 Qc8 22. Nd4 Nc5 23. Nd6 Nxd4 24. Rxd4 Qd7 25. Qxh5 Nb7 26. Rg3 Nxd6 27. exd6 f5 28. Qe2 Qf7 29. Re3 Qf6 30. Qc4 Kf7 31. d7 Qe7 32. Qc6 Rh8 33. g3 g5 34. Rd6 1-0

[Event "Klatovy op 28th"]
[Site "Klatovy"]
[Date "2022.07.04"]
[Round "3"]
[White "Formanek, Martin"]
[Black "Jirousek, Jan"]
[Result "1/2-1/2"]
[WhiteElo "2233"]
[BlackElo "2094"]
[PlyCount "44"]
[EventDate "2022.07.02"]
[EventType "swiss"]
[EventRounds "9"]
[EventCountry "CZE"]
[SourceTitle "EXT 2023"]
[Source "ChessBase"]
[SourceDate "2022.10.05"]
[SourceVersion "1"]
[SourceVersionDate "2022.10.05"]
[SourceQuality "1"]

1. e4 c6 2. d4 d5 3. e5 Bf5 4. Be3 e6 5. Nd2 Nd7 6. Ngf3 h6 7. Be2 Ne7 8. 0-0 Bh7 9. Nb3 Ng6 10. Nfd2 Be7 11. f4 0-0 12. g3 Rc8 13. c4 dxc4 14. Nxc4 Nb6 15. Nxb6 Qxb6 16. Qc1 Qc7 17. Bf3 Rfd8 18. Qc4 Nf8 19. Rac1 Qb8 20. Rfd1 Nd7 21. Qe2 Nb6 22. Bf2 Nd5 1/2-1/2

[Event "Prague Menchik Memorial Rapid"]
[Site "Prague"]
[Date "2021.09.28"]
[Round "7"]
[White "Pribyl, Radomir"]
[Black "Jirousek, Jan"]
[Result "1/2-1/2"]
[WhiteElo "2004"]
[BlackElo "1959"]
[PlyCount "31"]
[EventDate "2021.09.28"]
[EventType "swiss (rapid)"]
[EventRounds "9"]
[EventCountry "CZE"]
[SourceTitle "CBM 204 Extra"]
[Source "ChessBase"]
[SourceDate "2021.11.30"]
[SourceVersion "1"]
[SourceVersionDate "2021.11.30"]
[SourceQuality "1"]

1. d4 d5 2. Nf3 Nf6 3. e3 c5 4. c3 cxd4 5. exd4 Qc7 6. Nbd2 Bf5 7. Bb5+ Bd7 8. Bxd7+ Nbxd7 9. 0-0 e6 10. Re1 Bd6 11. Nf1 Ne4 12. Ng3 Ndf6 13. Ng5 Nxg3 14. hxg3 0-0 15. Nh3 Rab8 16. Bf4 1/2-1/2

[Event "Ceske Budejovice op"]
[Site "Ceske Budejovice"]
[Date "2021.07.07"]
[Round "7"]
[White "Jirousek, Jan"]
[Black "Husa, Daniel"]
[Result "1/2-1/2"]
[WhiteElo "1985"]
[BlackElo "1742"]
[PlyCount "126"]
[EventDate "2021.07.01"]
[EventType "swiss"]
[EventRounds "9"]
[EventCountry "CZE"]
[SourceTitle "CBM 203 Extra"]
[Source "ChessBase"]
[SourceDate "2021.09.30"]
[SourceVersion "1"]
[SourceVersionDate "2021.09.30"]
[SourceQuality "1"]

1. d4 d5 2. Nf3 Nf6 3. c4 e6 4. Nc3 c5 5. cxd5 Nxd5 6. e4 Nxc3 7. bxc3 cxd4 8. cxd4 Bb4+ 9. Bd2 Bxd2+ 10. Qxd2 0-0 11. Bc4 Nd7 12. 0-0 b6 13. d5 Nc5 14. Rad1 exd5 15. Bxd5 Ba6 16. Rfe1 Rc8 17. Nd4 Bb7 18. Qf4 Qc7 19. Qg4 Qe5 20. Nf5 Kh8 21. Nd6 Bxd5 22. Rxd5 Qe6 23. Qd1 Rc7 24. f3 h6 25. Qd4 Kh7 26. Nf5 Qf6 27. Qxf6 gxf6 28. Rc1 Rfc8 29. Rd6 Rc6 30. Rxc6 Rxc6 31. Rd1 Rc7 32. Kf2 Ne6 33. Rd2 Kg6 34. Ne3 b5 35. Rd5 a6 36. Rf5 Nd4 37. Rxf6+ Kxf6 38. Nd5+ Ke5 39. Nxc7 a5 40. Ke3 Nc2+ 41. Kd2 Na3 42. Kd3 b4 43. Nd5 f5 44. Ne3 fxe4+ 45. fxe4 a4 46. Ng4+ Kf4 47. Nxh6 b3 48. axb3 axb3 49. Kc3 Kxe4 50. Kxb3 Nb5 51. Kc4 Na3+ 52. Kc5 Nc2 53. g4 Kf4 54. h4 Ke5 55. g5 Ne1 56. Nf7+ Kf5 57. h5 Nd3+ 58. Kd6 Ne5 59. g6 Nxg6 60. h6 Nf8 61. Ke7 Nh7 62. Ke8 Kg6 63. Ke7 Ng5 1/2-1/2

[Event "Ceske Budejovice op"]
[Site "Ceske Budejovice"]
[Date "2021.07.03"]
[Round "3"]
[White "Richterova, Natasa"]
[Black "Jirousek, Jan"]
[Result "1/2-1/2"]
[WhiteElo "2213"]
[BlackElo "1985"]
[PlyCount "55"]
[EventDate "2021.07.01"]
[EventType "swiss"]
[EventRounds "9"]
[EventCountry "CZE"]
[SourceTitle "CBM 203 Extra"]
[Source "ChessBase"]
[SourceDate "2021.09.30"]
[SourceVersion "1"]
[SourceVersionDate "2021.09.30"]
[SourceQuality "1"]

1. c4 e6 2. g3 d5 3. Bg2 Nf6 4. Nf3 Be7 5. d4 0-0 6. 0-0 dxc4 7. Qa4 a6 8. Qxc4 b5 9. Qc2 Bb7 10. Bf4 Nd5 11. Bd2 Nd7 12. Ba5 Rc8 13. Ne5 Nxe5 14. dxe5 Bb4 15. Bxb4 Nxb4 16. Qb3 Bxg2 17. Rd1 Bd5 18. Qxb4 c5 19. Qf4 Qa5 20. Nc3 Bc6 21. h4 Rfd8 22. h5 b4 23. h6 bxc3 24. Qg5 g6 25. Qf6 Kf8 26. Qh8+ Ke7 27. Qf6+ Kf8 28. Qh8+ 1/2-1/2

[Event "Ceske Budejovice op-A"]
[Site "Ceske Budejovice"]
[Date "2020.07.08"]
[Round "8"]
[White "Balint, Peter1111"]
[Black "Jirousek, Jan"]
[Result "1/2-1/2"]
[WhiteElo "2105"]
[BlackElo "1914"]
[PlyCount "118"]
[EventDate "2020.07.01"]
[EventType "swiss"]
[EventRounds "9"]
[EventCountry "CZE"]
[SourceTitle "CBM 197 Extra"]
[Source "ChessBase"]
[SourceDate "2020.09.30"]
[SourceVersion "1"]
[SourceVersionDate "2020.09.30"]
[SourceQuality "1"]

1. e4 c6 2. d4 d5 3. exd5 cxd5 4. Bd3 Nc6 5. c3 Nf6 6. h3 g6 7. Nf3 Bg7 8. 0-0 0-0 9. Re1 Bf5 10. Bxf5 gxf5 11. Nbd2 Ne4 12. Nb3 e6 13. Bf4 Kh8 14. Nc1 Rg8 15. Nd3 f6 16. Bh2 Qd7 17. Nd2 Bh6 18. Nf1 Qg7 19. g3 f4 20. Kg2 b6 21. g4 f3+ 22. Qxf3 f5 23. Ng3 Raf8 24. Qe2 f4 25. Nxf4 Bxf4 26. Nh5 Qh6 27. Nxf4 Rxf4 28. Bxf4 Qxf4 29. Qe3 Qd6 30. f4 Ne7 31. Kh1 Rf8 32. Kg2 Qxf4 33. Qxf4 Rxf4 34. Rf1 Rxf1 35. Rxf1 Kg7 36. a4 a5 37. Rf3 Nc8 38. b4 Ncd6 39. h4 Nc4 40. Kh3 Nb2 41. bxa5 bxa5 42. Re3 Nd1 43. Re2 Ndxc3 44. Rb2 Nxa4 45. Rb5 Nac3 46. Rxa5 Ne2 47. Ra4 h6 48. Kg2 Nf4+ 49. Kf3 Ng6 50. h5 Ng5+ 51. Ke3 Ne7 52. Ra7 Kf6 53. Rc7 Ne4 54. Kf4 Ng5 55. Rc1 Ne4 56. Rc2 Ng5 57. Rc5 Ne4 58. Rc7 Ng5 59. Rc2 Ne4 1/2-1/2

[Event "Ceske Budejovice op-A"]
[Site "Ceske Budejovice"]
[Date "2020.07.06"]
[Round "6"]
[White "Perkampus, Laurin"]
[Black "Jirousek, Jan"]
[Result "1/2-1/2"]
[WhiteElo "2096"]
[BlackElo "1914"]
[PlyCount "89"]
[EventDate "2020.07.01"]
[EventType "swiss"]
[EventRounds "9"]
[EventCountry "CZE"]
[SourceTitle "CBM 197 Extra"]
[Source "ChessBase"]
[SourceDate "2020.09.30"]
[SourceVersion "1"]
[SourceVersionDate "2020.09.30"]
[SourceQuality "1"]

1. d4 d5 2. c4 e6 3. Nc3 Nf6 4. Nf3 c6 5. Qb3 Be7 6. Bg5 0-0 7. e3 Nbd7 8. Be2 dxc4 9. Qxc4 Nd5 10. Bxe7 Qxe7 11. 0-0 Nxc3 12. Qxc3 Nf6 13. a3 Nd5 14. Qc2 Bd7 15. Ne5 f6 16. Nd3 Be8 17. Qc5 Qc7 18. Rfc1 Bg6 19. b4 Qb6 20. Nb2 Qxc5 21. Rxc5 a6 22. Rac1 Nb6 23. a4 Rfd8 24. h4 Nd7 25. R5c3 e5 26. Bc4+ Bf7 27. Bxf7+ Kxf7 28. Nc4 exd4 29. exd4 Nf8 30. d5 cxd5 31. Nb6 Rab8 32. Rc7+ Kg6 33. R1c3 d4 34. Rg3+ Kh6 35. Nc4 d3 36. Ne3 d2 37. Nf5+ Kh5 38. Nxg7+ Kh6 39. Nf5+ Kh5 40. Ng7+ Kh6 41. Nf5+ Kh5 42. Rxh7+ Nxh7 43. Ng7+ Kh6 44. Nf5+ Kh5 45. Ng7+ 1/2-1/2

[Event "Ceske Budejovice op-A"]
[Site "Ceske Budejovice"]
[Date "2020.07.04"]
[Round "4"]
[White "Juhanak, Daniel"]
[Black "Jirousek, Jan"]
[Result "1/2-1/2"]
[WhiteElo "1754"]
[BlackElo "1914"]
[PlyCount "53"]
[EventDate "2020.07.01"]
[EventType "swiss"]
[EventRounds "9"]
[EventCountry "CZE"]
[SourceTitle "CBM 197 Extra"]
[Source "ChessBase"]
[SourceDate "2020.09.30"]
[SourceVersion "1"]
[SourceVersionDate "2020.09.30"]
[SourceQuality "1"]

1. d4 d5 2. Nf3 Nf6 3. c4 e6 4. g3 Be7 5. Bg2 0-0 6. 0-0 dxc4 7. Qc2 b6 8. Bg5 Nd5 9. Bxe7 Qxe7 10. Nbd2 Bb7 11. Nxc4 Nd7 12. a3 c5 13. e4 N5f6 14. Ng5 h6 15. Nh3 cxd4 16. e5 Nd5 17. Rfd1 Rac8 18. Qb3 Nc5 19. Qa2 d3 20. Nd6 Rc7 21. Nxb7 Rxb7 22. Bxd5 exd5 23. b4 Ne4 24. Rxd3 Qxe5 25. Re1 Qf5 26. Qxd5 Qxd5 27. Rxd5 1/2-1/2

[Event "CZE-ch U16"]
[Site "Kouty nad Desnou"]
[Date "2020.03.11"]
[Round "6"]
[White "Jirousek, Jan"]
[Black "Jares, Michal"]
[Result "1/2-1/2"]
[WhiteElo "1887"]
[BlackElo "1907"]
[PlyCount "84"]
[EventDate "2020.03.07"]
[EventType "swiss"]
[EventRounds "7"]
[EventCountry "CZE"]
[SourceTitle "CBM 195 Extra"]
[Source "ChessBase"]
[SourceDate "2020.05.31"]
[SourceVersion "1"]
[SourceVersionDate "2020.05.31"]
[SourceQuality "1"]

1. d4 c5 2. d5 e5 3. e4 d6 4. Nc3 Nf6 5. Bb5+ Nbd7 6. Nf3 a6 7. Bxd7+ Bxd7 8. a4 b5 9. axb5 axb5 10. Bg5 Be7 11. Bxf6 Bxf6 12. 0-0 0-0 13. b3 Qb6 14. Ne2 g6 15. Qd2 b4 16. Qc1 Bb5 17. Re1 Qb7 18. Rxa8 Rxa8 19. h4 h5 20. Ng3 Qe7 21. Ng5 Bxg5 22. Qxg5 Qxg5 23. hxg5 Ra2 24. Rc1 Kg7 25. Nf1 Bxf1 26. Kxf1 f6 27. gxf6+ Kxf6 28. Ke2 g5 29. Kd3 g4 30. Rh1 Kg5 31. g3 Ra8 32. Ke2 Rh8 33. Rh4 Rf8 34. Rh2 Rf3 35. Rh1 c4 36. bxc4 Rc3 37. Kd2 Rxc4 38. Kd3 Rc3+ 39. Kd2 Rf3 40. Ke2 b3 41. cxb3 Rxb3 42. Rc1 Rb2+ 1/2-1/2

[Event "Karlovy Vary CupT U16"]
[Site "Karlovy Vary"]
[Date "2020.01.22"]
[Round "2.2"]
[White "Jirousek, Jan"]
[Black "Nemec, Jachym"]
[Result "0-1"]
[WhiteElo "2052"]
[BlackElo "1988"]
[PlyCount "88"]
[EventDate "2020.01.22"]
[EventType "team-swiss"]
[EventRounds "4"]
[EventCountry "CZE"]
[SourceTitle "CBM 194 Extra"]
[Source "ChessBase"]
[SourceDate "2020.03.31"]
[SourceVersion "1"]
[SourceVersionDate "2020.03.31"]
[SourceQuality "1"]
[WhiteTeam "Pardubicky kraj"]
[BlackTeam "Stredocesky kraj"]
[WhiteTeamCountry "CZE"]
[BlackTeamCountry "CZE"]

1. d4 Nf6 2. Nf3 c5 3. e3 g6 4. dxc5 Qa5+ 5. Nbd2 Qxc5 6. Be2 Bg7 7. 0-0 0-0 8. Nb3 Qc7 9. Nbd4 a6 10. Bd2 e5 11. Nb3 Nc6 12. c4 d6 13. Bc3 Bf5 14. Nh4 Be6 15. f4 Ne4 16. f5 gxf5 17. Nxf5 Bxf5 18. Rxf5 Ne7 19. Rh5 Nxc3 20. bxc3 Qb6 21. c5 dxc5 22. Bd3 Ng6 23. Qf3 Rad8 24. Bc4 Ne7 25. Rf1 Qg6 26. Nxc5 b5 27. Ne4 bxc4 28. Rg5 Qh6 29. Nf6+ Kh8 30. Rh5 Qxf6 31. Qxf6 Bxf6 32. Rxf6 Rd1+ 33. Kf2 Rd2+ 34. Kf3 Rxa2 35. Rfh6 Ng6 36. g3 Kg8 37. Rxh7 a5 38. Ke4 a4 39. R7h6 a3 40. Rf5 Kg7 41. Rh3 Rd2 42. Rf1 a2 43. Ra1 f5+ 44. Kf3 e4# 0-1

[Event "Litomysl op 20th"]
[Site "Litomysl"]
[Date "2019.12.27"]
[Round "2"]
[White "Nespor, Ivan"]
[Black "Jirousek, Jan"]
[Result "0-1"]
[WhiteElo "1715"]
[BlackElo "2097"]
[PlyCount "88"]
[EventDate "2019.12.26"]
[EventType "swiss"]
[EventRounds "9"]
[EventCountry "CZE"]
[SourceTitle "CBM 194 Extra"]
[Source "ChessBase"]
[SourceDate "2020.03.31"]
[SourceVersion "1"]
[SourceVersionDate "2020.03.31"]
[SourceQuality "1"]

1. e4 c6 2. d4 d5 3. Nc3 dxe4 4. Nxe4 Nf6 5. Nxf6+ exf6 6. Nf3 Bd6 7. g3 0-0 8. Bg2 Bg4 9. 0-0 Qa5 10. h3 Be6 11. b3 Rd8 12. c4 Nd7 13. Bd2 Bb4 14. Bxb4 Qxb4 15. a3 Qa5 16. Qe1 Qb6 17. Qc3 Nf8 18. Rfd1 Rac8 19. b4 Ng6 20. a4 a6 21. c5 Qc7 22. h4 Qd7 23. Rd2 Ne7 24. Re1 Nd5 25. Qb2 Re8 26. Rde2 Rcd8 27. Nd2 Ne7 28. Nf3 Nf5 29. Re4 Bd5 30. Rxe8+ Rxe8 31. Rxe8+ Qxe8 32. Qd2 Qe4 33. Kh2 h6 34. Qf4 Qxf4 35. gxf4 Bxf3 36. Bxf3 Nxd4 37. Bd1 Kf8 38. Kg3 Ke7 39. h5 f5 40. f3 Ke6 41. Kf2 Kd5 42. Ke3 Kc4 43. a5 f6 44. Ba4 Kxb4 0-1